Cuadernos de Investigacion Nueva Epoca

Spremljeno u:
Bibliografski detalji
Format: Elektronički Žurnal
Izdano: Centro de Estudios Monetarios Latinoamericanos
Online pristup:Available in Fuente Académica Plus.
Oznake: Dodaj oznaku
Bez oznaka, Budi prvi tko označuje ovaj zapis!

MARC

LEADER 00000nas a22000002 4500
001 ebs49548268e
003 EBZ
006 m d ||||||
007 cr|unu||||||||
008 241105| xx uu p o 0 0||| d
035 |a (EBZ)ebs49548268e 
040 |a EBZ 
042 |a msc 
050 0 0 |a AP  
130 0 |a Cuadernos de Investigacion Nueva Epoca (Online) 
222 1 0 |a Cuadernos de Investigacion Nueva Epoca 
245 0 0 |a Cuadernos de Investigacion Nueva Epoca  |h [electronic resource]. 
260 |b Centro de Estudios Monetarios Latinoamericanos 
773 0 |t Fuente Académica Plus   |d EBSCO 
856 4 0 |3 Full text available: May 1985-Dec 2000.  |z Available in Fuente Académica Plus.  |u https://researchs.unach.elogim.com/direct.asp?db=fap&jid=16RD&scope=site 
901 |a Academic Journal